000 00844nam a2200181Ia 4500
001 9782
003 GE_BSU
008 181216s||||||||xx |||||||||||||| ||und||
020 _a9789941935077
040 _cGE_BSU
080 _a347(094)
100 _aნაჭყებია,ალეკო
245 _aსამოქალაქო სამართლებრივი ნორმების განმარტებები უზენაესი სასამართლოს პრაქტიკაში(2000-2013)
260 _c2013
300 _a578გვ.28სმ.
653 _aსამოქალაქო სამართლებრივი ნორმების განმარტებები უზენაესი სასამართლოს პრაქტიკაში
942 _cBK
999 _c43062
_d43062